Sustainable construction (Record no. 105849)

MARC details
000 -LEADER
fixed length control field 00898cam a2200229 4500
001 - CONTROL NUMBER
control field ##L134931
008 - FIXED-LENGTH DATA ELEMENTS--GENERAL INFORMATION
fixed length control field 060911n2006 000 0 eng u
035 ## - SYSTEM CONTROL NUMBER
System control number (Sirsi) u134931
041 0# - LANGUAGE CODE
Language code of text/sound track or separate title eng
050 04 - LIBRARY OF CONGRESS CALL NUMBER
Classification number 711.1 $2 18
100 1# - MAIN ENTRY--PERSONAL NAME
Personal name Vandergert, Paula
245 00 - TITLE STATEMENT
Title Sustainable construction
Remainder of title the social science research agenda
260 ## - PUBLICATION, DISTRIBUTION, ETC.
Place of publication, distribution, etc. London School of Economics
Name of publisher, distributor, etc. Centre for Environmental Policy and Governance
Date of publication, distribution, etc. 2006
300 ## - PHYSICAL DESCRIPTION
Extent 30p.
Dimensions 30cm.
520 ## - SUMMARY, ETC.
Summary, etc. Discusses gaps in the research on sustainable construction which would benefit from further research from a social science perpective. Areas covered include policy, knowledge and evaluation.
590 ## - LOCAL NOTE (RLIN)
Local note IKA031006
651 #4 - SUBJECT ADDED ENTRY--GEOGRAPHIC NAME
Geographic name United Kingdom
Chronological subdivision
690 ## - LOCAL SUBJECT ADDED ENTRY--TOPICAL TERM (OCLC, RLIN)
Topical term or geographic name as entry element BUILT ENVIRONMENT-SUSTAINABLE CONSTRUCTION
700 1# - ADDED ENTRY--PERSONAL NAME
Personal name Rydin, Yvonne
710 1# - ADDED ENTRY--CORPORATE NAME
Corporate name or jurisdiction name as entry element The LSE Centre for Environmental Policy and Governance
9 (RLIN) 5024
942 ## - ADDED ENTRY ELEMENTS (KOHA)
Suppress in OPAC 0
Holdings
Withdrawn status Lost status Source of classification or shelving scheme Damaged status Not for loan Home library Current library Shelving location Date acquired Total Checkouts Full call number Barcode Date last seen Copy number Price effective from Koha item type
    Dewey Decimal Classification     London London Folio 19/09/2006   F711.1 VAN 30073256 06/08/2019 1 06/08/2019 Book